<Die> Türkei und die Europäische Gemeinschaft
Enregistré dans:
| Autres auteurs: | |
|---|---|
| Format: | Livre |
| Langue: | allemand anglais |
| Publié: |
München
Südosteuropa-Gesellschaft
1988
|
| Édition: | 1. Aufl. |
| Collection: | Südosteuropa Aktuell
3 |
| Sujets: | |
| Tags: |
Pas de tags, Soyez le premier à ajouter un tag!
|
MARC
| LEADER | 00000nam a2200000 4500 | ||
|---|---|---|---|
| 001 | c016017 | ||
| 005 | 20221219111750.5 | ||
| 020 | |a 3-925450-06-8 | ||
| 041 | 0 | |a ger | |
| 041 | 0 | |a eng | |
| 044 | |a DE | ||
| 245 | 1 | 0 | |a <Die> Türkei und die Europäische Gemeinschaft |c Edit. Werner Gumpel |
| 250 | |a 1. Aufl. | ||
| 264 | 1 | |a München |b Südosteuropa-Gesellschaft |c 1988 | |
| 300 | |a 122 s. | ||
| 490 | 1 | |a Südosteuropa Aktuell |v 3 | |
| 830 | 0 | |a Südosteuropa Aktuell |v 3 | |
| 610 | 2 | 0 | |a Európske spoločenstvá |
| 610 | 2 | 0 | |a politika hospodárska |
| 610 | 2 | 0 | |a situácia hospodárska |
| 610 | 2 | 0 | |a politika |
| 610 | 2 | 0 | |a politika medzinárodná |
| 610 | 2 | 0 | |a médiá |
| 610 | 2 | 0 | |a Turecko |
| 700 | 1 | |a Gumpel, Werner | |